000 00536nam a2200181Ia 4500
008 100920s9999 xx 000 0 und d
082 _b99878
_a891.463.1 न 07
100 _aधर्मापुरीकर मधुकर.
245 _aचिनकुल.
260 _bसाकेत,औांगाबाद.
_c2007
300 _a112
_bसाधी
365 _b100
520 _aलघुकथा.
630 _aचिनकुल.
650 _aलघुकथा.
730 _aचिनकुल.
942 _cBOOK
999 _c740316
_d740313